The Knitted Home: (Record no. 588097)

000 -LEADER
fixed length control field 00434nam a22001457a 4500
020 ## - INTERNATIONAL STANDARD BOOK NUMBER
International Standard Book Number 9781906417727
040 ## - CATALOGING SOURCE
Transcribing agency NUST
082 ## - DEWEY DECIMAL CLASSIFICATION NUMBER
Classification number 746.432 CRD
100 ## - MAIN ENTRY--PERSONAL NAME
Personal name Cross, Ruth
9 (RLIN) 89324
110 ## - MAIN ENTRY--CORPORATE NAME
Corporate name or jurisdiction name as entry element Anders, Ben
9 (RLIN) 89325
245 ## - TITLE STATEMENT
Title The Knitted Home:
Remainder of title Creating Contemporary knits for Interiors
260 ## - PUBLICATION, DISTRIBUTION, ETC.
Place of publication, distribution, etc. LONDON:
Name of publisher, distributor, etc. Jacqui Small LLP,
Date of publication, distribution, etc. 2013.
650 ## - SUBJECT ADDED ENTRY--TOPICAL TERM
Topical term or geographic name entry element Knitting -- Patterns. Interior decoration. Knitting.
9 (RLIN) 89429
942 ## - ADDED ENTRY ELEMENTS (KOHA)
Source of classification or shelving scheme
Koha item type Book
Holdings
Withdrawn status Lost status Source of classification or shelving scheme Damaged status Not for loan Permanent Location Current Location Shelving location Date acquired Full call number Barcode Date last seen Price effective from Koha item type
          College of Electrical & Mechanical Engineering (CEME) College of Electrical & Mechanical Engineering (CEME) General Stacks 02/21/2022 746.432 CRD (KIDS SEC) CEME-50555 02/21/2022 02/21/2022 Book
© 2023 Central Library, National University of Sciences and Technology. All Rights Reserved.